<?xml version="1.0" encoding="UTF-8"?><?xml-stylesheet type="text/xsl" href="static/style.xsl"?><OAI-PMH xmlns="http://www.openarchives.org/OAI/2.0/" xmlns:xsi="http://www.w3.org/2001/XMLSchema-instance" xsi:schemaLocation="http://www.openarchives.org/OAI/2.0/ http://www.openarchives.org/OAI/2.0/OAI-PMH.xsd"><responseDate>2026-06-02T17:22:57Z</responseDate><request verb="GetRecord" identifier="oai:riuma.uma.es:10630/28824" metadataPrefix="marc">https://riuma.uma.es/rest/oai/request</request><GetRecord><record><header><identifier>oai:riuma.uma.es:10630/28824</identifier><datestamp>2026-02-03T11:22:08Z</datestamp><setSpec>com_10630_2254</setSpec><setSpec>col_10630_37953</setSpec></header><metadata><record xmlns="http://www.loc.gov/MARC21/slim" xmlns:dcterms="http://purl.org/dc/terms/" xmlns:doc="http://www.lyncode.com/xoai" xmlns:xsi="http://www.w3.org/2001/XMLSchema-instance" xsi:schemaLocation="http://www.loc.gov/MARC21/slim http://www.loc.gov/standards/marcxml/schema/MARC21slim.xsd">
   <leader>00925njm 22002777a 4500</leader>
   <datafield ind2=" " ind1=" " tag="042">
      <subfield code="a">dc</subfield>
   </datafield>
   <datafield ind2=" " ind1=" " tag="720">
      <subfield code="a">De-Aguilera-Moyano, Miguel</subfield>
      <subfield code="e">author</subfield>
   </datafield>
   <datafield ind2=" " ind1=" " tag="720">
      <subfield code="a">Castro-Higueras, Antonio</subfield>
      <subfield code="e">author</subfield>
   </datafield>
   <datafield ind2=" " ind1=" " tag="720">
      <subfield code="a">Pérez-Rufi, José Patricio</subfield>
      <subfield code="e">author</subfield>
   </datafield>
   <datafield ind2=" " ind1=" " tag="260">
      <subfield code="c">2019-03-25</subfield>
   </datafield>
   <datafield ind2=" " ind1=" " tag="520">
      <subfield code="a">YouTube es una empresa representativa de su contexto originario, la web 2.0, posicionándose como plataforma abierta y colaborativa para difundir ví­deos de todo tipo de usuario, con el slogan Broadcast yourself. La adquisición de YouTube por Google la introduce en la búsqueda de beneficios en el marco de la comunicación OTT (over the top). La página de inicio de YouTube muestra las sucesivas polí­ticas empresariales de la plataforma. Se analiza la evolución de la página de inicio no logueada de YouTube España entre 2009 y 2018. Se observa la gradual desaparición de los ví­deos producidos por usuarios particulares y su sustitución por los ví­deos de usuarios profesionalizados (youtubers) y de industrias culturales. Hay un notable paralelismo entre la implementación de modelos de negocio y la mayor o menor recomendación de ví­deos de uno u otro tipo.</subfield>
   </datafield>
   <datafield ind1="8" ind2=" " tag="024">
      <subfield code="a">De-Aguilera-Moyano, M., Castro-Higueras, A., &amp; Pérez-Rufí­, J.-P. (2019). Entre broadcast yourself y broadcast whatever: la página de inicio de YouTube como sí­ntesis de su estrategia empresarial. Profesional De La información Information Professional, 28(2). Recuperado a partir de https://revista.profesionaldelainformacion.com/index.php/EPI/article/view/67594</subfield>
   </datafield>
   <datafield ind1="8" ind2=" " tag="024">
      <subfield code="a">https://hdl.handle.net/10630/28824</subfield>
   </datafield>
   <datafield ind1="8" ind2=" " tag="024">
      <subfield code="a">10.3145/epi.2019.mar.06</subfield>
   </datafield>
   <datafield tag="653" ind2=" " ind1=" ">
      <subfield code="a">YouTube</subfield>
   </datafield>
   <datafield ind2="0" ind1="0" tag="245">
      <subfield code="a">Entre broadcast yourself y broadcast whatever: la página de inicio de YouTube como sí­ntesis de su estrategia empresarial</subfield>
   </datafield>
</record>
</metadata></record></GetRecord></OAI-PMH>